Statistics for countries that bordering neighbors of Iran

Click here to take the quiz!

General Stats

  • This quiz has been taken 16 times
  • The average score is 11 of 13

Answers on the Map

Answers color-coded by a green-red scale on the quiz's map according to % correct below.
 

Answer Stats

پاسخ% Correct
Saudi Arabia
100%
China
93%
Georgia
93%
India
93%
Jordan
93%
Kazakhstan
93%
Russia
93%
Kuwait
86%
Uzbekistan
86%
Greece
79%
Syria
79%
Tajikistan
79%
Bulgaria
71%

Score Distribution

Percentile by Number Answered

Percent of People with Each Score

Your Score History

You have not taken this quiz